|
วิทยาลัยพยาบาลบรมราชชนนี ยะลา |
|
แสดงรายละเอียดบรรณานุกรม |
|
|
Brief Record
: Get Marc (ISO 2709)
: E-mail record
: |
|
|
|
| LEADER 00000nam 2200000uu 4500 | |||
| 001 3825 | |||
| 003 ULIBM | |||
| 008 260325s2026||||th 000 0 tha d | |||
| 020 9781975221140 | |||
| 060 04 ^aWY150^bH663b | |||
| 100 1 Hinkle,Janice L. | |||
| 245 00 ^aBrunner & Suddarth Textbook of Medical - Surgical Nursing/^cJanice L. Hinkle,Kerry H. Cheever,Kristen J. Overbaugh | |||
| 250 ^a16th ed. | |||
| 260 ^aPhiladelphia :^bWolters Kluwer,^c2026. | |||
| 300 ^axxiii,2022p. :^bill ;^c28cm. | |||
| 650 7 nursing care | |||
| 700 1 Cheever,Kerry H. | |||
| 700 1 Overbaugh,Kristen J. | |||
| 999 ^aฮัซวานี | |||
| คุณยังไม่ได้ล็อกอิน คุณสามารถมีกิจกรรมร่วมกับเว็บไซต์ได้ แต่ต้องล็อกอินก่อน :: |
|
| สถานะ | |||||||||
| 1. | หนังสือภาษาอังกฤษทางการพยาบาล | WY150 H663b 2026 V.1 | ►หนังสือ ตำรา ทางการพยาบาล | On Shelf ขอยืม | |||||
| [แสดง 1/1 รายการ] | |||||||||
BibComment |
| คอมเมนท์ทรัพยากรรายการนี้ |
|
|